000 00761nam a22002297a 4500
999 _c13403
_d13403
003 AR-CdUCM
008 190411b ||||| |||| 00| 0 spa d
040 _aMUNICIPALIDAD PROVINCIAL DEL CUSCO
_cBIBLIOTECA MUNICIPAL DEL CUSCO
082 _aES / 373.398 /
_bC81
100 _aConcha Tupayachi, Salustio
_910595
245 _aDanza sagrada de los apus :
_b50 mitos, leyendas y otras narraciones /
260 _aCusco :
_bJL editores,
_c2007.
300 _a303 paginas ;
_bIlustraciones, graficos, dibujos,
_c20 cm.
500 _aMitos y leyendas
650 _aCuentos
_9217
650 _aLeyendas
_92226
650 _aMitos
_912603
650 _aApus
_910425
700 _aConcha SaldaƱa, Gonzalo
_931815
942 _2ddc
_cLIBROS
945 _apjha
_d2019-04-15